Computer networks : (Record no. 636)

MARC details
000 -LEADER
fixed length control field 00719nac a22002051u 4500
010 ## - LIBRARY OF CONGRESS CONTROL NUMBER
LC control number 92041469
020 ## - INTERNATIONAL STANDARD BOOK NUMBER
International Standard Book Number 0131756052
020 ## - INTERNATIONAL STANDARD BOOK NUMBER
International Standard Book Number 8120310411
082 00 - DEWEY DECIMAL CLASSIFICATION NUMBER
Classification number 004.6
Item number B6271
090 ## - LOCALLY ASSIGNED LC-TYPE CALL NUMBER (OCLC); LOCAL CALL NUMBER (OCLC)
-- 636
-- 636
100 ## - MAIN ENTRY--PERSONAL NAME
Personal name Black, Uyless D.
245 10 - TITLE STATEMENT
Title Computer networks :
Remainder of title protocols, standards, and interfaces /
Statement of responsibility, etc Uyless Black.
250 ## - EDITION STATEMENT
Edition statement 2nd ed.
260 ## - PUBLICATION, DISTRIBUTION, ETC. (IMPRINT)
Place of publication, distribution, etc New Delhi :
Name of publisher, distributor, etc Prentice Hall of India,
Date of publication, distribution, etc c2005.
300 ## - PHYSICAL DESCRIPTION
Extent xii, 436 p. :
Other physical details ill. ;
Dimensions 25 cm.
504 ## - BIBLIOGRAPHY, ETC. NOTE
Bibliography, etc Includes bibliographical references and index.
650 #0 - SUBJECT ADDED ENTRY--TOPICAL TERM
Topical term or geographic name as entry element Computer networks.
942 ## - ADDED ENTRY ELEMENTS (KOHA)
Item type Book - Borrowing
Call number prefix 004.6B6271
Holdings
Withdrawn status Item status Damaged status Not for loan Home library Current library Shelving location Date acquired Source of acquisition Total Checkouts Full call number Barcode Date last seen Koha item type
        Central Library Central Library Lower Floor 20/07/2006 Purchase   004.6 BLA 000003970 15/07/2025 Book - Borrowing